00649nam a2200169 a 450000100100000000500170001000800410002704000250006808200160009310000310010924500470014026000640018730000300025104900090028195201720029099900170046200003223120200930063536.0110713s1955 dr c 000 0 spa d aDO-SdBNPbspacBNPHU axxxxbM828b1 aMorales, G. Alfredo92544810aBreviario crítico /cG. Alfredo Morales. aCiudad Trujillo, República Dominicana :bMontalvo,c1955. a474 p. :bretr. ;c20 cm. aBNMA 0010718PDaPDbPDcCTd2011-07-13iLF1l0oxxxx M828bp32231-10r2020-06-25w2020-06-25yLFPDzPerteneció a la biblioteca personal de Martínez BoogZNo se presta c31722d31722